| 000 | 00780nam a2200241 i 4500 | ||
|---|---|---|---|
| 001 | 178053 | ||
| 003 | ES-MaACL | ||
| 005 | 20230906220455.0 | ||
| 007 | t| | ||
| 008 | 110516s1966 sp ac ||||1| spa d | ||
| 080 | _a75 Toulouse-Lautrec, Henri de | ||
| 100 | 1 |
_aCogniat, Raymond. _939478 |
|
| 245 | 1 | 0 |
_aLautrec / _cRaymond Cogniat ; [traducción de Juan-Ernesto Vinardell]. |
| 260 |
_aMadrid [etc.] : _bDaimon, Manuel Tamayo, _ccop. 1966. |
||
| 300 |
_a46, [2] p. : _bil. col. y n. ; _c19 cm. |
||
| 490 | 1 | _aPequeñas monografías | |
| 500 | _aÍndice. | ||
| 600 | 1 | 4 |
_aToulouse-Lautrec, Henri de. _9111132 |
| 700 | 1 |
_aVinardell, Juan Ernesto. _9115298 |
|
| 830 | 0 |
_aPequeñas monografías _9190708 |
|
| 852 |
_aES-MaACL _jE-15095 _xOlim P-1253 |
||
| 999 |
_c178053 _d178053 |
||